| 000 | 00853naa a22002417a 4500 | ||
|---|---|---|---|
| 001 | vtls000029727 | ||
| 003 | ES-BaIT | ||
| 005 | 20251127103104.0 | ||
| 007 | t| | ||
| 008 | 111114s1996 xxu|||||| |00| |eng|d | ||
| 010 | _a29727 | ||
| 035 |
_a0029-72760 _9ES-BaIT035 |
||
| 039 | 9 |
_a201403072325 _bVLOAD _c201303092021 _dVLOAD _c201111141545 _dVLOAD _y201110052309 _zVLOAD |
|
| 110 |
_aWooster Group _9107166 |
||
| 245 | 1 | 0 |
_aFrank dell's the temptation of St. Antony / _cThe Wooster Group |
| 500 | _aP9: D3, H6 | ||
| 500 | _aEstrena 1988, dir. Elisabeth LeCompte | ||
| 773 | 0 |
_aPlays for the end of the century / edited, with an introduction, by Bonnie Marranca _dLondon : Johns Hopkins University, cop.1996 _wvtls000029229 _z0-8018-5108-4 _025476 |
|
| 790 | _w0029-22960 | ||
| 790 | _a002922960 | ||
| 917 | _aFalta matèries. Cat. rev | ||
| 999 |
_c25911 _d25911 |
||
| 942 | _cART | ||